Score 0/24 Timer 07:00
9 Plays Today
Brand Model % Correct
ExplorerFord
89.9%
GolfVolkswagen
89.3%
CherokeeJeep
85.9%
TundraToyota
82.9%
ChallengerDodge
82.6%
CobaltChevrolet
78.2%
A4Audi
76.5%
SorentoKia
75.6%
SonataHyundai
73.5%
NavigatorLincoln
68.4%
LeafNissan
68%
RX-8Mazda
66%
Brand Model % Correct
300Chrysler
64.2%
RidgelineHonda
61.9%
OutbackSubaru
61.9%
Z4BMW
58.2%
CTSCadillac
55%
EnclaveBuick
54.5%
Grand MarquisMercury
51.2%
GallardoLamborghini
46.1%
CayennePorsche
45.3%
DB9Aston Martin
44.9%
SolsticePontiac
43.3%
CorsaOpel
23.9%

You're not logged in!

Compare scores with friends on all Sporcle quizzes.
OR
Log In

Sporcle TV

Today on Sporcle TV


Watch our educational content, quiz creation guides, and fun videos on Sporcle TV.

Show Comments

Extras

Top Quizzes Today


Score Distribution

Paid Content

Your Account Isn't Verified!

In order to create a playlist on Sporcle, you need to verify the email address you used during registration. Go to your Sporcle Settings to finish the process.

Report this User

Report this user for behavior that violates our Community Guidelines.

Details: